Statystyki dla Quiz o Francji

Kliknij tutaj aby rozwiązać quiz!

Ogólne statystyki

  • Ten quiz został rozwiązany 144 razy
    (80 od ostatniego zresetowania)
  • Średni wynik to 7 z 15

Statystyki odpowiedzi

PytanieOdpowiedź% Poprawnych
Jakie miasto jest aktualną stolicą
Francji?
Paryż
91%
Kto jest aktualnym
prezydentem Francji?
Emmanuel
Macron
87%
Jaki jest największy (pod względem powierzchni)
sąsiad Francji?(Nie uwzględniając terytoriów zamorskich.)
Hiszpania
83%
Jakie góry przebiegają na południowym-wschodzie
Francji?
Alpy
66%
Jaka jest pełna nazwa FrancjiRepublika Francuska
61%
Jakie góry przebiegają pomiędzy granicą
hiszpańsko-francuską i francusko-andorską?
Pireneje
56%
Jakie jest drugie pod względem ludności
miasto we Francji?
Lyon
53%
Jaka jest najdłuższa rzeka we Francji?Loara
49%
Liczba ludności (w milionach)67 mln
46%
Jaka jest najwyższa góra we Francji?Mont Blanc
46%
Z jakim morzem Francja graniczy na
południu?
Morze Śródziemne
37%
Jak nazywają się regiony Francji?
(czyli coś typu województwa)
departamenty
31%
Kto jest aktualnym premierem
Francji?
Elisabeth Borne
10%
Co jest stolicą departamentu Oksytanii?Tuluza
10%
Kto jest Przewodniczący Senatu
we Francji?
Gérard Larcher
6%

Rozkład punktacji

Percentyl według liczby udzielonych odpowiedzi

Procent ludzi z każdym wynikiem

Twoja historia wyników

Nie rozwiązałeś tego quizu od ostatniego zresetowania